Introduction to industrial gas cleaning /

Guardado en:
Autor Principal: Dullien, F. A. L.
Formato: Libro
Idioma:English
Publicado: San Diego : Academic Press, c1989.
Materias:
Etiquetas: Agregar Etiqueta
Sin Etiquetas, Sea el primero en etiquetar este registro!
LEADER 00943pam a22002895a 4500
001 EIQ.libpla003834
008 880204s1989####caua#####b####001#0#eng#d
005 20080328123331.0
245 1 0 |a Introduction to industrial gas cleaning /  |c F.A.L. Dullien. 
246 3 0 |a Industrial gas cleaning. 
260 |a San Diego :  |b Academic Press,  |c c1989. 
300 |a xii, 285 p. :  |b il. ;  |c 24 cm. 
504 |a Incluye referencias bibliográficas e índice. 
020 |a 0122236521 (alk. paper) 
100 1 |a Dullien, F. A. L. 
082 0 0 |a 628.5/32  |2 19 
650 4 |a Aire  |x Purificación. 
650 4 |a Humo  |x Purificación. 
650 4 |a Aire  |x Equipo y fuentes. 
650 4 |a Gases  |x Limpieza. 
650 4 |a Air  |x Purification. 
650 4 |a Air  |x Equipment and supplies. 
650 0 |a Flue gases  |x Purification. 
650 0 |a Gases  |x Cleaning. 
010 |a  88003326  
040 |a DLC  |c DLC  |d AR-BbSID 
859 |a AR-BbSID  |b BIB. PLAPIQUI  |h 628.532  |i D 1  |p 4156